Land vs. Land #165 - Statistiken

Allgemein
  • Dieses Quiz wurde 12 mal gespielt
  • Das Durchschnittsergebnis liegt bei 13 aus 14
Antwortstatistiken
Frage Antwort % Korrekt
...Bruttoinlandsprodukt? Vereinigtes Königreich🇬🇧
100%
...Bruttoinlandsprodukt pro Kopf? Vereinigtes Königreich🇬🇧
100%
...Militär? Vereinigtes Königreich🇬🇧
100%
...Tourismus? Vereinigtes Königreich🇬🇧
100%
...Gesundheitswesen? Vereinigtes Königreich🇬🇧
100%
...Gewinner? Vereinigtes Königreich🇬🇧
100%
...Fläche? Südafrika🇿🇦
92%
...HDI (Human Development Index)? Vereinigtes Königreich🇬🇧
92%
...Lebenserwartung? Vereinigtes Königreich🇬🇧
92%
...durchschnittlicher IQ? Vereinigtes Königreich🇬🇧
92%
...Exportmengen? Vereinigtes Königreich🇬🇧
92%
...Frieden? Vereinigtes Königreich🇬🇧
83%
...Einwohner? Vereinigtes Königreich🇬🇧
75%
...Happy Planet Index? Vereinigtes Königreich🇬🇧
75%
Keine übereinstimmenden Quizze gefunden
Verteilung der Resultate
Anzahl Personen mit jedem Resultat
Perzentil nach korrekt beantworteten Fragen
Ihre Resultats-Entwicklung
Sie haben dieses Quiz noch nicht gespielt